000
00446nam a2200145Ia 4500
008
090122s9999 xx 000 0 und d
082
_b
6354
_a
891.4681
100
_a
पाब्रेकर
_b
प्रमोद
_c
डॉ
245
_a
फिंगर बाऊल
600
_a
पाब्रेकर
630
_a
फिंगर बाऊल
700
_a
पाब्रेकर
730
_a
फिंगर बाऊल
942
_c
BOOK
999
_c
30431
_d
30431